000 00984nam a22003017i 4500
003 EG-GICUC
005 20260418115101.0
008 260418s1908 fr fr|||| 000 0 fre d
040 _aEG-GiCUC
_bfre
_cEG-GiCUC
_dEG-GiCUC
_eRda
041 _afre
082 0 4 _221
_a343.5
_bGR . D
092 0 4 _221
099 _aLAW1 10 343.5 GR . D 1 ed - 1908
100 1 _a GRANDMOULIN . J
_eAuteur
245 1 2 _aLe Droit Pénal Égyptien Indigène:
_nTome Second/
_cPar J. Grandmoulin.
264 _aLe Caire :
_bImprimerie Nationale,
_c1908.
300 _a605 page ;
_billustration ;
_c 24 cm.
336 _2rda contenu
_a texte
337 _2rda medias
_aOrdinateur
338 _2 transporteur rda
_a Ressource en ligne
504 _aComprend Des Références Bibliographiques.
546 _aTexte en français
650 1 4 _aDroit Pénal.
_2qrmak
651 1 _2qrmak
856 4 0 _uhttps://fll.law.cu.edu.eg/fulltext/bks/B10-09835.pdf
905 _a171
942 _2ddc
_cBK
_e21
_n0
999 _c71633
_d71633